000 00989nam0a2200265 4500
001 RU\NLR\BIBL_A\011668309
005 20250128194045.0
010 _a978-5-906959-38-6
_9300
021 _aRU
_bКН-П-18-007988
_9КН-П-18-0553
035 _a(NLR Aleph) 011668309
090 _a13416121
_c13416121
100 _a20180402d2017 m y0rusy50 ca
101 0 _acrh
102 _aRU
105 _ac z 000 y
200 1 _aАзиз халкъыма
_eбасылмагъан шиирлер
_fИдрис Асанин
_g[тертип эткен З. Хайрединова]
210 _aСимферополь
_cИ. Гаспринский адына Медиамеркез
_d2017
215 _a255 с.
_cпортр., факс.
_d22
541 1 _aМоему народу
_eнеопублик. стихи.
_zrus
686 1 _aШ6(2=К.-тат.)7-5
700 1 _aАсанин
_bИ.
_f1927- 2007
_gИдрис
_4070
852 _aNLR
_bОНЛ
_jК.-тат./3-1200
942 _cBOOK
980 _aNB